[Event "Arvier Spring op"]
[Site "Arvier"]
[Date "2018.04.24"]
[Round "5"]
[White "Bogatto, Mario"]
[Black "Sala, Tiziano Paolo"]
[Result "0-1"]
[WhiteElo "1375"]
[BlackElo "1916"]
[PlyCount "34"]
[EventDate "2018.04.21"]
[EventType "swiss"]
[EventRounds "7"]
[EventCountry "ITA"]
[SourceTitle "CBM 184 Extra"]
[Source "ChessBase"]
[SourceDate "2018.06.28"]
[SourceVersion "1"]
[SourceVersionDate "2018.06.28"]
[SourceQuality "1"]

1. e4 c5 2. Nf3 e6 3. c3 Nc6 4. Bd3 d5 5. exd5 exd5 6. 0-0 Nf6 7. Re1+ Be7 8. Bb5 0-0 9. Bxc6 bxc6 10. d3 Bg4 11. h3 Bh5 12. Nbd2 a5 13. Qc2 Bd6 14. c4 Re8 15. Rxe8+ Qxe8 16. Kf1 Nd7 17. Ne1 Qe2+ 0-1

[Event "Arvier Spring op"]
[Site "Arvier"]
[Date "2018.04.23"]
[Round "4"]
[White "Bogatto, Mario"]
[Black "Altieri, Danilo Mario"]
[Result "0-1"]
[WhiteElo "1375"]
[BlackElo "2011"]
[PlyCount "70"]
[EventDate "2018.04.21"]
[EventType "swiss"]
[EventRounds "7"]
[EventCountry "ITA"]
[SourceTitle "CBM 184 Extra"]
[Source "ChessBase"]
[SourceDate "2018.06.28"]
[SourceVersion "1"]
[SourceVersionDate "2018.06.28"]
[SourceQuality "1"]

1. e4 d5 2. exd5 Qxd5 3. Nc3 Qd6 4. Nf3 Nf6 5. h3 a6 6. d3 Nc6 7. a3 g6 8. Be2 Bg7 9. Be3 Nd5 10. Bd2 0-0 11. Ne4 Qd8 12. Rb1 f5 13. Nc3 Nxc3 14. bxc3 Qd6 15. Ra1 e5 16. Qc1 e4 17. dxe4 fxe4 18. Nh2 Qc5 19. 0-0 Bxc3 20. Be3 Bd4 21. c3 Qxc3 22. Qxc3 Bxc3 23. Bc4+ Kh8 24. Rad1 Ne5 25. Be2 Nc6 26. Ng4 Bxg4 27. Bxg4 Rad8 28. Rb1 Rb8 29. Rb3 Be5 30. Rfb1 b5 31. Bd7 Nd4 32. Rb4 c5 33. Bxd4 Bxd4 34. R4b3 Rxf2 35. Kh1 c4 0-1

[Event "Arvier Spring op"]
[Site "Arvier"]
[Date "2018.04.22"]
[Round "2"]
[White "Degembe, Pierre"]
[Black "Bogatto, Mario"]
[Result "1-0"]
[WhiteElo "1969"]
[BlackElo "1375"]
[PlyCount "51"]
[EventDate "2018.04.21"]
[EventType "swiss"]
[EventRounds "7"]
[EventCountry "ITA"]
[SourceTitle "CBM 184 Extra"]
[Source "ChessBase"]
[SourceDate "2018.06.28"]
[SourceVersion "1"]
[SourceVersionDate "2018.06.28"]
[SourceQuality "1"]

1. c4 d6 2. Nc3 c6 3. d4 Nf6 4. e4 Nbd7 5. Nf3 e6 6. h3 Be7 7. e5 dxe5 8. dxe5 Nd5 9. cxd5 cxd5 10. Bb5 a6 11. Bxd7+ Bxd7 12. 0-0 Bc6 13. Be3 0-0 14. Rc1 Rc8 15. a3 Qd7 16. Nd4 b5 17. Qg4 Kh8 18. f4 g6 19. Nce2 Bb7 20. b4 Rxc1 21. Rxc1 Rc8 22. Qf3 Rxc1+ 23. Bxc1 Qc8 24. Qc3 Qxc3 25. Nxc3 Bd8 26. Be3 1-0

[Event "Arvier Spring op"]
[Site "Arvier"]
[Date "2018.04.21"]
[Round "1"]
[White "Bogatto, Mario"]
[Black "Marguerettaz, Davy"]
[Result "0-1"]
[WhiteElo "1375"]
[BlackElo "2155"]
[PlyCount "48"]
[EventDate "2018.04.21"]
[EventType "swiss"]
[EventRounds "7"]
[EventCountry "ITA"]
[SourceTitle "CBM 184 Extra"]
[Source "ChessBase"]
[SourceDate "2018.06.28"]
[SourceVersion "1"]
[SourceVersionDate "2018.06.28"]
[SourceQuality "1"]

1. e4 c5 2. Ne2 a6 3. Nbc3 g6 4. d4 cxd4 5. Nxd4 Bg7 6. Nf3 Nc6 7. Be2 Nf6 8. 0-0 0-0 9. Bd3 d5 10. h3 dxe4 11. Nxe4 Nxe4 12. Bxe4 Qc7 13. c3 f5 14. Bxc6 bxc6 15. Qc2 e5 16. Bd2 e4 17. Nh2 Be5 18. g3 Be6 19. Kg2 f4 20. gxf4 Bxf4 21. Bxf4 Rxf4 22. Qe2 Raf8 23. Ng4 h5 24. Ne3 Bxh3+ 0-1

[Event "Arvier Grand Paradis op-B"]
[Site "Arvier"]
[Date "2016.07.26"]
[Round "3"]
[White "Gola, Giorgio"]
[Black "Bogatto, Mario"]
[Result "1-0"]
[WhiteElo "1271"]
[BlackElo "1424"]
[PlyCount "109"]
[EventDate "2016.07.24"]
[EventType "swiss"]
[EventRounds "6"]
[EventCountry "ITA"]
[SourceTitle "EXT 2017"]
[Source "ChessBase"]
[SourceDate "2016.10.25"]
[SourceVersion "1"]
[SourceVersionDate "2016.10.25"]
[SourceQuality "1"]

1. e4 d6 2. d4 Nf6 3. Nc3 e6 4. f4 Be7 5. Nf3 a6 6. Bd3 Nc6 7. 0-0 b5 8. Be3 Rb8 9. a3 Na5 10. Nd2 Nb7 11. b4 c5 12. dxc5 dxc5 13. e5 Nd5 14. Nxd5 exd5 15. bxc5 Bxc5 16. Qf3 Qb6 17. Bxc5 Qxc5+ 18. Kh1 Qc6 19. Nb3 Nd8 20. f5 0-0 21. f6 g6 22. Qf4 Ne6 23. Nd4 Nxf4 24. Nxc6 Nxd3 25. Nxb8 Nxe5 26. Rae1 Nc4 27. Rf3 Be6 28. Nxa6 Ra8 29. Nb4 Rc8 30. Rd3 Nb2 31. Rd4 Rd8 32. Nxd5 Kf8 33. Rb4 Bxd5 34. Rxb2 Bc4 35. g4 g5 36. Re5 h6 37. Rb4 Rd1+ 38. Kg2 Rd2+ 39. Kf3 Rxc2 40. h3 Rc3+ 41. Re3 Bd5+ 42. Kf2 Rc2+ 43. Re2 Rc5 44. a4 Bc6 45. Rd2 bxa4 46. Rd8+ Be8 47. Rxa4 Re5 48. Rad4 Re6 49. R8d6 Re5 50. Kf3 Re1 51. Re4 Rg1 52. Rd8 Rf1+ 53. Kg2 Rxf6 54. Rexe8+ Kg7 55. Rg8+ 1-0

[Event "Arvier Grand Paradis op-B"]
[Site "Arvier"]
[Date "2016.07.25"]
[Round "2"]
[White "Bogatto, Mario"]
[Black "Piazza, Giacomo"]
[Result "1-0"]
[WhiteElo "1424"]
[BlackElo "1504"]
[PlyCount "51"]
[EventDate "2016.07.24"]
[EventType "swiss"]
[EventRounds "6"]
[EventCountry "ITA"]
[SourceTitle "EXT 2017"]
[Source "ChessBase"]
[SourceDate "2016.10.25"]
[SourceVersion "1"]
[SourceVersionDate "2016.10.25"]
[SourceQuality "1"]

1. e4 d5 2. exd5 Nf6 3. c4 c6 4. dxc6 Nxc6 5. Nc3 Bf5 6. d3 e6 7. a3 Be7 8. h3 h6 9. Nf3 0-0 10. Be2 e5 11. 0-0 Qc7 12. Be3 a6 13. Qd2 Nd4 14. Nxd4 exd4 15. Bxd4 Nh7 16. Be3 Bg5 17. f4 Bh4 18. Bf2 Bd8 19. Nd5 Qd6 20. Bf3 Qg6 21. Be4 Bxe4 22. dxe4 Qxe4 23. Rae1 Qxc4 24. Rc1 Qb5 25. Rfe1 Qd7 26. Ne7+ 1-0

[Event "Arvier Amatori op 6th"]
[Site "Arvier"]
[Date "2016.01.06"]
[Round "5"]
[White "Yeuillaz, Corrado"]
[Black "Bogatto, Mario"]
[Result "1-0"]
[WhiteElo "2257"]
[BlackElo "1378"]
[PlyCount "65"]
[EventDate "2016.01.03"]
[EventType "swiss"]
[EventRounds "5"]
[EventCountry "ITA"]
[SourceTitle "EXT 2017"]
[Source "ChessBase"]
[SourceDate "2016.10.25"]
[SourceVersion "1"]
[SourceVersionDate "2016.10.25"]
[SourceQuality "1"]

1. e4 d6 2. d4 Nf6 3. Nc3 c6 4. Nf3 Bg4 5. h3 Bxf3 6. Qxf3 Nbd7 7. Be3 e6 8. g4 h6 9. 0-0-0 Be7 10. Qg3 Nh7 11. Kb1 Qc7 12. f4 0-0-0 13. h4 g5 14. fxg5 hxg5 15. h5 f6 16. Bd3 e5 17. Ne2 a6 18. Bc4 Kb8 19. Be6 Nhf8 20. Bb3 Rh6 21. c3 Rc8 22. Qf2 c5 23. Ng3 c4 24. Bc2 Rh7 25. Qf5 exd4 26. cxd4 d5 27. Qf2 dxe4 28. Bxe4 Rh8 29. Nf5 Nb6 30. d5 Rd8 31. Bxb6 Qf4 32. Qxf4+ gxf4 33. Nxe7 1-0

[Event "Arvier op 2nd"]
[Site "Arvier"]
[Date "2015.08.01"]
[Round "7"]
[White "Piazza, Giacomo"]
[Black "Bogatto, Mario"]
[Result "1-0"]
[WhiteElo "1542"]
[BlackElo "1397"]
[PlyCount "111"]
[EventDate "2015.07.26"]
[EventType "swiss"]
[EventRounds "7"]
[EventCountry "ITA"]
[SourceTitle "EXT 2016"]
[Source "ChessBase"]
[SourceDate "2015.10.08"]
[SourceVersion "1"]
[SourceVersionDate "2015.10.08"]
[SourceQuality "1"]

1. b4 Nf6 2. Bb2 e6 3. a3 d5 4. e3 Be7 5. b5 c6 6. a4 Bd7 7. Nc3 b6 8. Nf3 c5 9. Be2 Qc7 10. d4 c4 11. h3 Bb4 12. 0-0 0-0 13. Ne5 Be8 14. Nb1 Bd6 15. Ba3 Bxa3 16. Rxa3 Nbd7 17. Nc6 Nb8 18. Ne5 Nbd7 19. f4 Ne4 20. Nd2 Ng3 21. Rf2 Nxe2+ 22. Qxe2 f6 23. Nc6 Nb8 24. Nb4 Qd6 25. c3 Na6 26. Nb1 Nxb4 27. cxb4 Qxb4 28. Rf1 Qd6 29. e4 Bd7 30. Rg3 dxe4 31. Qxe4 f5 32. Qe2 Qxd4+ 33. Kh2 Qc5 34. Rc1 Rac8 35. Na3 Qe7 36. Rgc3 Rc5 37. Nxc4 Rfc8 38. Rd1 Be8 39. Rd6 Bf7 40. Rc6 R5xc6 41. bxc6 Rxc6 42. Qf3 Rc8 43. Ne5 Qe8 44. Rd3 Rc7 45. Qd1 Rc8 46. Rd7 Bh5 47. Qe1 Rc2 48. Qg3 Bg6 49. Rxa7 Ra2 50. Qb3 Rf2 51. Qe3 Rb2 52. Qd4 Rb1 53. Rd7 Qf8 54. Nxg6 Qf6 55. Rd8+ Kf7 56. Ne5+ 1-0

[Event "Arvier Amatori op 5th"]
[Site "Arvier"]
[Date "2015.01.03"]
[Round "2"]
[White "Bogatto, Mario"]
[Black "Lyabel, Giacomo"]
[Result "0-1"]
[WhiteElo "1392"]
[BlackElo "1544"]
[PlyCount "118"]
[EventDate "2015.01.02"]
[EventType "swiss"]
[EventRounds "5"]
[EventCountry "ITA"]
[SourceTitle "EXT 2017"]
[Source "ChessBase"]
[SourceDate "2016.10.25"]
[SourceVersion "1"]
[SourceVersionDate "2016.10.25"]
[SourceQuality "1"]

1. e4 c5 2. Nc3 d6 3. Nf3 Nc6 4. d3 g6 5. Be2 Bg7 6. 0-0 Nf6 7. Bd2 0-0 8. Qc1 Re8 9. h3 e6 10. Bh6 b6 11. Bxg7 Kxg7 12. a3 Bb7 13. Qd2 a6 14. Rad1 d5 15. exd5 exd5 16. d4 c4 17. Rfe1 b5 18. Bf1 Qd6 19. Re3 Rxe3 20. fxe3 Re8 21. Qf2 Qe6 22. Re1 h6 23. Nd1 Ne4 24. Qh4 g5 25. Qg4 f5 26. Qh5 Nf6 27. Nxg5 Nxh5 28. Nxe6+ Rxe6 29. Be2 Nf6 30. Bf3 Nxd4 31. c3 Nc6 32. Kf2 Ne4+ 33. Ke2 Ne5 34. Bxe4 fxe4 35. Nf2 Rf6 36. Rf1 Rg6 37. g4 h5 38. Rg1 hxg4 39. hxg4 Bc8 40. g5 Nf3 41. Rg3 Rxg5 42. Rxg5+ Nxg5 43. Nh1 Kf6 44. Ng3 Bg4+ 45. Kf2 Nf7 46. Nf1 Ne5 47. Ke1 Nd3+ 48. Kd2 Nxb2 49. Kc2 Nd3 50. Kd2 Kg5 51. Kc2 Kh4 52. Nd2 Bh3 53. Nb1 Kg3 54. Kd2 Kf2 55. a4 bxa4 56. Na3 Ne5 57. Nc2 Nf3+ 58. Kc1 Ne1 59. Nb4 Nd3+ 0-1

[Event "Arvier Amatori op 5th"]
[Site "Arvier"]
[Date "2015.01.02"]
[Round "1"]
[White "Bagnod, Ruben"]
[Black "Bogatto, Mario"]
[Result "1-0"]
[WhiteElo "1819"]
[BlackElo "1392"]
[PlyCount "45"]
[EventDate "2015.01.02"]
[EventType "swiss"]
[EventRounds "5"]
[EventCountry "ITA"]
[SourceTitle "EXT 2017"]
[Source "ChessBase"]
[SourceDate "2016.10.25"]
[SourceVersion "1"]
[SourceVersionDate "2016.10.25"]
[SourceQuality "1"]

1. e4 d6 2. Nf3 Nf6 3. Nc3 c6 4. h3 e6 5. d4 Be7 6. Bd3 b6 7. Be3 Ba6 8. Bxa6 Nxa6 9. a3 Nc7 10. Nd2 c5 11. e5 dxe5 12. dxe5 Nd7 13. Nc4 0-0 14. Qg4 Kh8 15. 0-0-0 Qc8 16. b4 Rg8 17. Ne4 Nf8 18. Ncd6 Bxd6 19. Nxd6 Qd7 20. Qf4 f6 21. exf6 gxf6 22. Qxf6+ Qg7 23. Nf7# 1-0

[Event "Arvier Grand Paradis op"]
[Site "Arvier"]
[Date "2014.07.23"]
[Round "5"]
[White "Bogatto, Mario"]
[Black "Renzi, Marco"]
[Result "0-1"]
[WhiteElo "1413"]
[BlackElo "1907"]
[PlyCount "85"]
[EventDate "2014.07.19"]
[EventType "swiss"]
[EventRounds "8"]
[EventCountry "ITA"]
[SourceTitle "EXT 2016"]
[Source "ChessBase"]
[SourceDate "2015.10.08"]
[SourceVersion "1"]
[SourceVersionDate "2015.10.08"]
[SourceQuality "1"]

1. c4 c5 2. Nf3 Nf6 3. Nc3 Nc6 4. e3 e5 5. d3 Be7 6. Be2 0-0 7. 0-0 d5 8. cxd5 Nxd5 9. e4 Nf4 10. Bxf4 exf4 11. Nd5 Bd6 12. Qd2 f5 13. Rac1 b6 14. Qc2 Be6 15. Nc3 Rc8 16. a3 g5 17. exf5 Rxf5 18. h3 h5 19. Nh2 Nd4 20. Qd1 Bb3 21. Qd2 Bf7 22. Qd1 Bb3 23. Qd2 Qe8 24. Rfe1 Qf7 25. Nf3 Nc6 26. Bd1 Be6 27. Ne4 Be7 28. Nh2 Rd8 29. Nf3 g4 30. hxg4 hxg4 31. Nh2 g3 32. Ng4 gxf2+ 33. Qxf2 Qh7 34. Rc3 Nd4 35. Nd2 Bh4 36. Qf1 Bxe1 37. Qxe1 Kh8 38. Nf3 Rh5 39. Qe4 Rh1+ 40. Kf2 Qxe4 41. dxe4 Bxg4 42. Rc1 Nxf3 43. gxf3 0-1

[Event "Arvier Amatori op 4th"]
[Site "Arvier"]
[Date "2014.01.03"]
[Round "3"]
[White "Bogatto, Mario"]
[Black "Bagnod, Ruben"]
[Result "1-0"]
[WhiteElo "1413"]
[BlackElo "1386"]
[PlyCount "73"]
[EventDate "2014.01.02"]
[EventType "swiss"]
[EventRounds "5"]
[EventCountry "ITA"]
[SourceTitle "EXT 2015"]
[Source "ChessBase"]
[SourceDate "2014.11.20"]
[SourceVersion "1"]
[SourceVersionDate "2014.11.20"]
[SourceQuality "1"]

1. e4 e5 2. Nf3 Nf6 3. d3 Nc6 4. a3 Bc5 5. Be2 d5 6. exd5 Nxd5 7. 0-0 0-0 8. c4 Nf4 9. Bxf4 exf4 10. Nc3 Bd4 11. Rb1 Be6 12. Qc2 Bxc3 13. Qxc3 Re8 14. Rfe1 Bg4 15. h3 Bxf3 16. Bxf3 Rxe1+ 17. Rxe1 Qh4 18. Bxc6 bxc6 19. f3 h6 20. Qe5 Kf8 21. Re4 Rb8 22. b4 f6 23. Qxf4 Qxf4 24. Rxf4 Rd8 25. d4 Re8 26. Kf2 Kf7 27. Re4 Rxe4 28. fxe4 Kg6 29. Kf3 Kg5 30. g3 Kh5 31. d5 cxd5 32. exd5 Kg5 33. Ke4 f5+ 34. Ke5 h5 35. c5 h4 36. gxh4+ Kxh4 37. Kxf5 1-0

[Event "Arvier Amatori op 4th"]
[Site "Arvier"]
[Date "2014.01.03"]
[Round "2"]
[White "Yeuillaz, Corrado"]
[Black "Bogatto, Mario"]
[Result "1-0"]
[WhiteElo "2211"]
[BlackElo "1413"]
[PlyCount "63"]
[EventDate "2014.01.02"]
[EventType "swiss"]
[EventRounds "5"]
[EventCountry "ITA"]
[SourceTitle "EXT 2015"]
[Source "ChessBase"]
[SourceDate "2014.11.20"]
[SourceVersion "1"]
[SourceVersionDate "2014.11.20"]
[SourceQuality "1"]

1. e4 d6 2. d4 Nf6 3. Nc3 c6 4. Nf3 Bg4 5. h3 Bxf3 6. Qxf3 e6 7. Bd3 Nbd7 8. Ne2 Be7 9. 0-0 0-0 10. Ng3 Re8 11. Rd1 Qc7 12. Qe2 e5 13. c3 Bf8 14. Be3 exd4 15. cxd4 Re7 16. Qc2 g6 17. Rac1 a6 18. b4 Rc8 19. a4 Qb8 20. Bf4 Ree8 21. Qd2 Qa7 22. Bb1 b5 23. a5 Qb7 24. Bg5 Bg7 25. Qf4 Qc7 26. Ba2 Rf8 27. e5 dxe5 28. dxe5 Nh5 29. Nxh5 gxh5 30. Bh6 Bxh6 31. Qxh6 Qd8 32. Rc3 1-0

[Event "Arvier Amatori op 4th"]
[Site "Arvier"]
[Date "2014.01.02"]
[Round "1"]
[White "Bogatto, Mario"]
[Black "Cirrincione, Giansalvo"]
[Result "1/2-1/2"]
[WhiteElo "1413"]
[BlackElo "1795"]
[PlyCount "145"]
[EventDate "2014.01.02"]
[EventType "swiss"]
[EventRounds "5"]
[EventCountry "ITA"]
[SourceTitle "EXT 2015"]
[Source "ChessBase"]
[SourceDate "2014.11.20"]
[SourceVersion "1"]
[SourceVersionDate "2014.11.20"]
[SourceQuality "1"]

1. e4 c5 2. Ne2 g6 3. Nbc3 Bg7 4. d4 cxd4 5. Nxd4 Nc6 6. Nxc6 bxc6 7. Bd3 d6 8. 0-0 Nf6 9. h3 h5 10. Bf4 Nd7 11. Rb1 0-0 12. Qd2 Kh7 13. Ne2 Nc5 14. Rfd1 Be6 15. b3 a5 16. a4 Qc7 17. Be3 Nxd3 18. Qxd3 Bc8 19. c4 c5 20. Nf4 Bb7 21. f3 Rfd8 22. Qc2 e6 23. Qe2 Rd7 24. Nd3 Rad8 25. Bf2 Rf8 26. Be3 Re8 27. Qf2 e5 28. Qc2 Bh6 29. Bxh6 Kxh6 30. Qd2+ Kh7 31. Nf2 Qd8 32. Nd3 Bc8 33. Nf2 Re6 34. Qe3 f5 35. exf5 gxf5 36. f4 Bb7 37. fxe5 Rxe5 38. Qf4 Qf6 39. g3 Rg7 40. Kh2 Re2 41. Re1 Rge7 42. Rxe2 Rxe2 43. Kg1 Qe6 44. Rf1 Re3 45. Qg5 Rxb3 46. Qxh5+ Kg7 47. Qg5+ Qg6 48. Qe7+ Kg8 49. Qd8+ Kf7 50. Qd7+ Kf8 51. Qd8+ Kg7 52. Qd7+ Qf7 53. Qxd6 Qxc4 54. Qe5+ Kg6 55. Qd6+ Kg7 56. Qe7+ Qf7 57. Qe5+ Kh7 58. Qf4 Qf6 59. Qc7+ Kg6 60. Qf4 Qc6 61. Ne4 Qxe4 62. Qd6+ Kf7 63. Qd7+ Kf6 64. Qd8+ Ke6 65. Qe8+ Kf6 66. Qf8+ Ke5 67. Qe7+ Kd4 68. Qd7+ Kc4 69. Rc1+ Rc3 70. Qb5+ Kd4 71. Rd1+ Rd3 72. Qb2+ Kc4 73. Qb5+ 1/2-1/2

[Event "Arvier Amatori op 3rd"]
[Site "Arvier"]
[Date "2013.01.05"]
[Round "6"]
[White "Bogatto, Mario"]
[Black "Tedesco, Fernando"]
[Result "0-1"]
[WhiteElo "1430"]
[BlackElo "1798"]
[PlyCount "88"]
[EventDate "2013.01.02"]
[EventType "swiss"]
[EventRounds "7"]
[EventCountry "ITA"]
[SourceTitle "EXT 2014"]
[Source "ChessBase"]
[SourceDate "2013.11.20"]
[SourceVersion "1"]
[SourceVersionDate "2013.11.20"]
[SourceQuality "1"]

1. e4 e6 2. d4 d5 3. e5 c5 4. c3 cxd4 5. cxd4 Bd7 6. Nf3 h6 7. Nc3 Bb4 8. a3 Bxc3+ 9. bxc3 Bc6 10. Bd2 Qd7 11. Be2 Ne7 12. 0-0 Bb5 13. Re1 Bxe2 14. Rxe2 0-0 15. Qc1 Kh7 16. Qc2+ Kg8 17. Qd1 Qb5 18. Re1 Qd3 19. Re3 Qc4 20. Re1 Qd3 21. Re3 Qh7 22. Ra2 Nf5 23. Re1 Rc8 24. Qc2 Ne7 25. Qxh7+ Kxh7 26. h3 Nbc6 27. g4 Na5 28. Rc1 Nc4 29. Be3 Rc7 30. Nd2 Rac8 31. Nxc4 Rxc4 32. Bd2 Nc6 33. Rb1 b6 34. Kf1 Kg6 35. f4 Kh7 36. Ke2 g6 37. h4 h5 38. g5 Ne7 39. Rh1 Nf5 40. Kd3 Ng3 41. Rg1 Ne4 42. Kc2 Nxc3 43. Bxc3 Rxc3+ 44. Kd2 Rf3 0-1

[Event "ITA-ch Seniors 34th"]
[Site "Arvier"]
[Date "2012.04.15"]
[Round "2"]
[White "D'Aulisa, Francesco"]
[Black "Bogatto, Mario"]
[Result "1-0"]
[WhiteElo "1755"]
[BlackElo "1421"]
[PlyCount "89"]
[EventDate "2012.04.14"]
[EventType "swiss"]
[EventRounds "9"]
[EventCountry "ITA"]
[SourceTitle "CBM 148 Extra"]
[Source "ChessBase"]
[SourceDate "2012.06.22"]
[SourceVersion "1"]
[SourceVersionDate "2012.06.22"]
[SourceQuality "1"]

1. e4 e5 2. f4 exf4 3. Nf3 d6 4. Bc4 Bg4 5. d4 Nf6 6. Bxf4 Be7 7. Nbd2 Nbd7 8. 0-0 0-0 9. Re1 c6 10. c3 b5 11. Bb3 Nh5 12. Be3 Nhf6 13. Bg5 h6 14. Bh4 Nh7 15. Bxe7 Qxe7 16. Qc2 Bxf3 17. Nxf3 Ng5 18. Re3 Nxf3+ 19. Rxf3 Nf6 20. Re1 d5 21. e5 Nh7 22. Qd3 Ng5 23. Rff1 Ne4 24. Qe3 Qg5 25. Qxg5 Nxg5 26. Bc2 Rae8 27. Bf5 Re7 28. Rf2 g6 29. Bd3 Kg7 30. Rf6 Re6 31. Rf4 Nh7 32. Ref1 f5 33. g4 fxg4 34. Rxg4 Rxf1+ 35. Kxf1 h5 36. Bf5 hxg4 37. Bxe6 Nf8 38. Bxg4 Kf7 39. Kf2 a5 40. a3 Nh7 41. Bd7 Ng5 42. Bxc6 Ne4+ 43. Ke2 Ke6 44. Bxb5 g5 45. Be8 1-0

[Event "ITA-ch Seniors 34th"]
[Site "Arvier"]
[Date "2012.04.14"]
[Round "1"]
[White "Bogatto, Mario"]
[Black "Catalfamo, Santo"]
[Result "1/2-1/2"]
[WhiteElo "1421"]
[BlackElo "1794"]
[PlyCount "88"]
[EventDate "2012.04.14"]
[EventType "swiss"]
[EventRounds "9"]
[EventCountry "ITA"]
[SourceTitle "CBM 148 Extra"]
[Source "ChessBase"]
[SourceDate "2012.06.22"]
[SourceVersion "1"]
[SourceVersionDate "2012.06.22"]
[SourceQuality "1"]

1. c4 e5 2. Nc3 Nf6 3. Nf3 d6 4. e4 Nc6 5. d3 Be7 6. Bg5 Ng4 7. Bxe7 Nxe7 8. h3 Nf6 9. Be2 Be6 10. d4 Ng6 11. dxe5 dxe5 12. Qxd8+ Rxd8 13. Rd1 0-0 14. 0-0 h6 15. Rfe1 c6 16. b3 Nd7 17. Nh2 Nf4 18. Bg4 h5 19. Bxe6 Nxe6 20. Nf3 f6 21. Rd6 Kf7 22. Red1 Ke7 23. Nh4 Nd4 24. R6xd4 exd4 25. Rxd4 Kf7 26. Kf1 Nc5 27. Rxd8 Rxd8 28. Ke2 g6 29. g3 Re8 30. f3 Rd8 31. Ng2 a6 32. Ne3 b5 33. cxb5 axb5 34. b4 Ne6 35. Nc2 Ng5 36. h4 Nxf3 37. Ke3 Ne5 38. Nd4 Ra8 39. Kd2 Rd8 40. Ke3 Ng4+ 41. Kd3 Rd6 42. Nce2 Ne5+ 43. Kc3 Rd8 44. Nf4 Ra8 1/2-1/2

[Event "Ivrea Eporediese op 29th"]
[Site "Ivrea"]
[Date "2012.02.09"]
[Round "3"]
[White "Bogatto, Mario"]
[Black "Agostino, Pietro"]
[Result "0-1"]
[WhiteElo "1423"]
[BlackElo "1505"]
[PlyCount "92"]
[EventDate "2012.01.26"]
[EventType "swiss"]
[EventRounds "9"]
[EventCountry "ITA"]
[SourceTitle "EXT 2014"]
[Source "ChessBase"]
[SourceDate "2013.11.20"]
[SourceVersion "1"]
[SourceVersionDate "2013.11.20"]
[SourceQuality "1"]

1. c4 e5 2. Nc3 Nf6 3. Nf3 d6 4. e3 c6 5. Be2 Be7 6. d4 e4 7. Nd2 d5 8. c5 b6 9. b4 Na6 10. a3 Nc7 11. f3 exf3 12. Nxf3 Na6 13. Ne5 Nb8 14. Bf3 Nfd7 15. Nd3 0-0 16. 0-0 Re8 17. Nf4 Bg5 18. Nce2 Ba6 19. Re1 Nf6 20. Nc3 Nbd7 21. Qa4 Bb7 22. Qd1 Ba6 23. Bd2 Ne4 24. Nxe4 dxe4 25. Be2 Bxe2 26. Rxe2 Nf6 27. Be1 Nd5 28. Nh3 Bxe3+ 29. Kh1 Qf6 30. Bd2 Bxd2 31. Qxd2 e3 32. Qb2 Rab8 33. Kg1 bxc5 34. Rf1 Qxd4 35. Qc2 Nc3 36. Rd1 Nxe2+ 37. Qxe2 Qe5 38. g3 cxb4 39. Nf4 b3 40. Nd3 Qb5 41. Rb1 Qa6 42. Rb2 Qxa3 43. Kg2 Qa6 44. Qd1 Red8 45. Rxb3 Rxb3 46. Qxb3 Qxd3 0-1

[Event "Arvier Amatori op 2nd"]
[Site "Arvier"]
[Date "2012.01.05"]
[Round "4"]
[White "Bogatto, Mario"]
[Black "Pierantoni, Mauro"]
[Result "0-1"]
[WhiteElo "1423"]
[BlackElo "1814"]
[PlyCount "112"]
[EventDate "2012.01.02"]
[EventType "swiss"]
[EventRounds "7"]
[EventCountry "ITA"]
[SourceTitle "EXT 2014"]
[Source "ChessBase"]
[SourceDate "2013.11.20"]
[SourceVersion "1"]
[SourceVersionDate "2013.11.20"]
[SourceQuality "1"]

1. e4 e6 2. d4 d5 3. e5 c5 4. Bb5+ Nc6 5. Bxc6+ bxc6 6. Nf3 Ba6 7. Nc3 cxd4 8. Nxd4 Qc7 9. Nf3 Bb4 10. Bd2 Ne7 11. Ne2 Bxd2+ 12. Qxd2 Ng6 13. g3 Nxe5 14. Nxe5 Qxe5 15. 0-0-0 Qxe2 16. Qf4 0-0 17. Rhe1 Qc4 18. Qxc4 Bxc4 19. b3 Bb5 20. a4 Ba6 21. Re3 c5 22. Kb2 Rab8 23. Ka3 Rfc8 24. c3 Rc7 25. Rc1 Bc8 26. Ree1 a5 27. f4 f6 28. Rg1 Kf7 29. g4 h6 30. h4 Ba6 31. Rg3 e5 32. f5 Rbc8 33. g5 hxg5 34. hxg5 d4 35. c4 e4 36. gxf6 gxf6 37. Rcg1 Ke7 38. Rg7+ Kd6 39. R7g6 Ke5 40. Rh6 Rf8 41. Rf1 Rg7 42. Rh2 Bc8 43. Kb2 Bxf5 44. Rhf2 Be6 45. Kc1 Rg3 46. Rb2 f5 47. Re1 Rh8 48. b4 cxb4 49. c5 Rc3+ 50. Rc2 Rhh3 51. Rxc3 bxc3 52. Rg1 Rh2 53. Rg7 d3 54. Rg1 Ra2 55. Rg7 Rxa4 56. c6 Ra1# 0-1